[Event "Managua Ramirez de Arellano Memorial"]
[Site "Managua"]
[Date "2022.07.30"]
[Round "4"]
[White "Granados Ortiz, Fidel"]
[Black "Alarcon, David"]
[Result "0-1"]
[WhiteElo "2042"]
[BlackElo "2002"]
[PlyCount "60"]
[EventDate "2022.07.23"]
[EventType "swiss"]
[EventRounds "9"]
[EventCountry "NCA"]
[SourceTitle "EXT 2024"]
[Source "ChessBase"]
[SourceDate "2023.10.10"]
[SourceVersion "1"]
[SourceVersionDate "2023.10.10"]
[SourceQuality "1"]

1. e4 e6 2. d4 d5 3. Nd2 Nf6 4. e5 Nfd7 5. f4 c5 6. c3 Nc6 7. Ndf3 Qb6 8. a3 a5 9. Ne2 f6 10. g3 g6 11. Bh3 cxd4 12. Bxe6 Ndxe5 13. Bxd5 Nxf3+ 14. Bxf3 Bc5 15. 0-0 dxc3+ 16. Kg2 cxb2 17. Bxb2 Qxb2 18. Qd5 Bxa3 19. Rfb1 Qc2 20. Rb3 Bb4 21. Rc1 Qf5 22. Qc4 Qh3+ 23. Kh1 Bd7 24. Re3+ Kf8 25. Rd1 Re8 26. Ng1 Qf5 27. Red3 Be6 28. Qc1 Qc5 29. Qb2 Kf7 30. g4 Rhf8 0-1

[Event "Managua Ramirez de Arellano Memorial"]
[Site "Managua"]
[Date "2022.07.24"]
[Round "3"]
[White "Alarcon, David"]
[Black "Pena Baltodano, Jeferson Nazareo"]
[Result "1-0"]
[WhiteElo "2002"]
[BlackElo "1574"]
[PlyCount "63"]
[EventDate "2022.07.23"]
[EventType "swiss"]
[EventRounds "9"]
[EventCountry "NCA"]
[SourceTitle "EXT 2024"]
[Source "ChessBase"]
[SourceDate "2023.10.10"]
[SourceVersion "1"]
[SourceVersionDate "2023.10.10"]
[SourceQuality "1"]

1. e4 e5 2. Nf3 Nf6 3. Nc3 Bb4 4. Bc4 Bxc3 5. dxc3 d6 6. Qe2 Nbd7 7. Bg5 Nc5 8. 0-0-0 Bg4 9. h3 Bxf3 10. gxf3 h6 11. Be3 Ne6 12. Bxe6 fxe6 13. Qb5+ Ke7 14. Qxb7 Rb8 15. Qc6 Qd7 16. Qc4 Rb5 17. Rhg1 Kf7 18. Qf1 Rhb8 19. b3 Ke8 20. a4 Rxb3 21. cxb3 Rxb3 22. Qc4 Ra3 23. Qb5 Rxc3+ 24. Kb2 Rc6 25. Rc1 Rb6 26. Bxb6 axb6 27. Rxg7 Qxb5+ 28. axb5 Nh5 29. Rgxc7 Nf4 30. Ra1 Nd3+ 31. Kc3 Nc5 32. Ra8# 1-0

[Event "NCA-chT final"]
[Site "Managua"]
[Date "2021.11.14"]
[Round "10.3"]
[White "Alarcon, David"]
[Black "Gomez Baltodano, David"]
[Result "1-0"]
[WhiteElo "2007"]
[BlackElo "2012"]
[PlyCount "81"]
[EventDate "2021.10.16"]
[EventType "team-tourn"]
[EventRounds "11"]
[EventCountry "NCA"]
[SourceTitle "EXT 2023"]
[Source "ChessBase"]
[SourceDate "2022.10.05"]
[SourceVersion "1"]
[SourceVersionDate "2022.10.05"]
[SourceQuality "1"]
[WhiteTeam "Clemente Guido"]
[BlackTeam "Blitz Friends"]
[WhiteTeamCountry "NCA"]
[BlackTeamCountry "NCA"]

1. e4 e6 2. d3 d5 3. Nd2 c5 4. g3 Nf6 5. Bg2 Be7 6. Ne2 Nc6 7. 0-0 0-0 8. f4 b6 9. e5 Nd7 10. c4 Bb7 11. cxd5 exd5 12. Nc3 d4 13. Nd5 Na5 14. Nc4 Nxc4 15. Nxe7+ Qxe7 16. Bxb7 Rab8 17. Bd5 Na5 18. Qf3 b5 19. Bd2 b4 20. b3 Nb6 21. Be4 f5 22. exf6 Qxf6 23. Qh5 g6 24. Qxc5 Nb7 25. Qxb4 Nd6 26. Bf3 Nbc4 27. Bd5+ Kh8 28. Qa4 Nxd2 29. Rf2 Nxb3 30. Bxb3 Nb5 31. Re1 Rb6 32. Re5 a6 33. Qc4 Rc6 34. Qd5 Rd8 35. Qe4 Nc3 36. Re8+ Rxe8 37. Qxe8+ Kg7 38. g4 Ne2+ 39. Rxe2 Rc1+ 40. Kg2 Qxf4 41. Qe7+ 1-0

[Event "NCA-chT fase1"]
[Site "Managua"]
[Date "2019.10.05"]
[Round "4.2"]
[White "Alarcon, David"]
[Black "Gutierrez, Oscar"]
[Result "1/2-1/2"]
[WhiteElo "2018"]
[BlackElo "1948"]
[PlyCount "87"]
[EventDate "2019.09.28"]
[EventType "team-swiss"]
[EventRounds "9"]
[EventCountry "NCA"]
[SourceTitle "CBM 194 Extra"]
[Source "ChessBase"]
[SourceDate "2020.03.31"]
[SourceVersion "1"]
[SourceVersionDate "2020.03.31"]
[SourceQuality "1"]
[WhiteTeam "Soldados del Amor"]
[BlackTeam "Clemente Guido"]
[WhiteTeamCountry "NCA"]
[BlackTeamCountry "NCA"]

1. e4 e6 2. d4 d5 3. e5 c5 4. c3 Nc6 5. Nf3 Qb6 6. Bd3 Bd7 7. dxc5 Bxc5 8. 0-0 a5 9. Qb3 Qc7 10. Bf4 Nge7 11. Re1 h6 12. Na3 a4 13. Nb5 Qb8 14. Qc2 0-0 15. Qd2 Ng6 16. Bxh6 Ncxe5 17. Nxe5 Bxb5 18. Nxg6 fxg6 19. Be3 Bxe3 20. Rxe3 Bxd3 21. Qxd3 Rf6 22. Rae1 Qd6 23. Rg3 Qb6 24. Re2 Raf8 25. Qd4 Qb5 26. Rge3 Qc6 27. Re5 Rc8 28. Qe3 Kf7 29. g4 Qc4 30. g5 Qg4+ 31. Qg3 Qxg3+ 32. fxg3 Rf3 33. Rxe6 a3 34. Re7+ Kf8 35. Rxb7 axb2 36. Rexb2 Rfxc3 37. Rf2+ Kg8 38. Rd7 Rc1+ 39. Kg2 R1c2 40. a4 Rxf2+ 41. Kxf2 Ra8 42. Rxd5 Rxa4 43. h4 Kf7 44. Re5 1/2-1/2

[Event "NCA-chT fase1"]
[Site "Managua"]
[Date "2019.09.29"]
[Round "3.2"]
[White "Flores, Manuel"]
[Black "Alarcon, David"]
[Result "0-1"]
[WhiteElo "1952"]
[BlackElo "2018"]
[PlyCount "66"]
[EventDate "2019.09.28"]
[EventType "team-swiss"]
[EventRounds "9"]
[EventCountry "NCA"]
[SourceTitle "CBM 194 Extra"]
[Source "ChessBase"]
[SourceDate "2020.03.31"]
[SourceVersion "1"]
[SourceVersionDate "2020.03.31"]
[SourceQuality "1"]
[WhiteTeam "Jane Allens Knights"]
[BlackTeam "Soldados del Amor"]
[WhiteTeamCountry "NCA"]
[BlackTeamCountry "NCA"]

1. d4 Nf6 2. c4 g6 3. Nc3 d6 4. g3 Bg7 5. Bg2 0-0 6. Nf3 Nc6 7. 0-0 e5 8. dxe5 Nxe5 9. Nxe5 dxe5 10. Bg5 Qxd1 11. Rfxd1 h6 12. Be3 c6 13. Rd6 Be6 14. Rad1 Bxc4 15. Bxh6 Bxh6 16. Rxf6 Be6 17. Rf3 Rfd8 18. Rfd3 Bg5 19. Ne4 Rxd3 20. Rxd3 Be7 21. b3 f5 22. Nc3 e4 23. Rd1 Bb4 24. Nb1 a5 25. Rc1 a4 26. a3 Bxa3 27. Nxa3 axb3 28. Nb1 Ra1 29. Rf1 b2 30. g4 Ba2 31. Nd2 c5 32. gxf5 gxf5 33. Bh3 c4 0-1

[Event "NCA-chT fase1"]
[Site "Managua"]
[Date "2019.09.29"]
[Round "2.3"]
[White "Ruiz Gonzales, Francisco Rene"]
[Black "Alarcon, David"]
[Result "0-1"]
[WhiteElo "1668"]
[BlackElo "2018"]
[PlyCount "118"]
[EventDate "2019.09.28"]
[EventType "team-swiss"]
[EventRounds "9"]
[EventCountry "NCA"]
[SourceTitle "CBM 194 Extra"]
[Source "ChessBase"]
[SourceDate "2020.03.31"]
[SourceVersion "1"]
[SourceVersionDate "2020.03.31"]
[SourceQuality "1"]
[WhiteTeam "Universidad de Ingenieria"]
[BlackTeam "Soldados del Amor"]
[WhiteTeamCountry "NCA"]
[BlackTeamCountry "NCA"]

1. d4 Nf6 2. Nf3 g6 3. c4 Bg7 4. Nc3 d6 5. e4 0-0 6. Be2 Nc6 7. 0-0 e5 8. d5 Ne7 9. Ne1 Nd7 10. Nd3 f5 11. f3 f4 12. Bd2 g5 13. Rc1 Rf6 14. Nf2 Rg6 15. b4 h5 16. Na4 Nf6 17. h3 Kh8 18. c5 Neg8 19. Nc3 Nh6 20. cxd6 cxd6 21. Nb5 Ne8 22. Qc2 Bd7 23. Na3 g4 24. fxg4 hxg4 25. hxg4 Nxg4 26. Bxg4 Bxg4 27. Nxg4 Rxg4 28. Rf3 Qg5 29. Bc3 Rc8 30. Qe2 Qg6 31. Rc2 Nf6 32. Nb5 Nxe4 33. Bxe5 Re8 34. Bxg7+ Kxg7 35. Rc7+ Kg8 36. Qc2 Qf6 37. Qe2 a6 38. Rd3 Qg6 39. Nd4 Nc5 40. Rc8 Rxc8 41. bxc5 Rxc5 42. Nb3 Rc8 43. Qe6+ Qxe6 44. dxe6 Rd8 45. Nc5 Rg7 46. Ne4 Re7 47. Ng5 Kg7 48. Nf7 Rc8 49. Nxd6 Rc1+ 50. Kf2 Rxe6 51. Nxb7 Rc2+ 52. Kf3 Re3+ 53. Rxe3 fxe3 54. Kxe3 Rxg2 55. a4 Kf6 56. Nc5 a5 57. Nb7 Rg5 58. Kd4 Rg4+ 59. Kc5 Rxa4 0-1